| 000 | 01015nam2a22002411 4500 | ||
|---|---|---|---|
| 001 | rc\4398031 | ||
| 005 | 20250612072131.0 | ||
| 035 | _a(NLR Aleph) 008556989 | ||
| 090 |
_a8441923 _c8441923 |
||
| 100 | _a20130416d1962 |||y0rusy50 ca | ||
| 101 | 1 |
_arus _ckir |
|
| 102 | _aRU | ||
| 105 | _aa z ||||| | ||
| 200 | 0 |
_a[Кн. 1 _fПер. В.П. Горячих] |
|
| 210 |
_aФрунзе _cКиргизгосиздат _d1962] |
||
| 215 |
_a412 с. _cил. |
||
| 461 | 0 |
_1001rc\4398030 _12001#$aКаныбек$e[Роман$eПер. с кирг.$fИл.: Л.А. Ильина. Кн. 1-2$v[Кн. 1 _1700#1$aДжантошев$bК.$f1904-1968$gКасымалы _98441919 _aДжантошев, К. (1904-1968) _cФрунзе _d1962] _fИл.: Л.А. Ильина. Кн. 1-2 _nКиргизгосиздат _o[Роман : Пер. с кирг. _p2 т. _tКаныбек _v[Кн. 1 |
|
| 702 | 1 |
_aГорячих _bВ.П. _4730 |
|
| 801 | 0 |
_aRU _bNLR _gpsbo |
|
| 801 | 1 |
_aRU _bELAR _2rusmarc |
|
| 852 |
_aNLR _j62-3/1576 |
||
| 942 | _cBOOK | ||
| 980 | _aNB | ||